000 00579nam a22002057a 4500
003 BD-ChCU
005 20260507103305.0
008 260507b nyu||||| |||| 00| 0 eng d
020 _a9780128014776
040 _cBD-ChCU
082 _223
_a363.3456 C425i
100 _aCoppola, Damon P.
_922585
245 _aIntroduction to ineternational disaster management /
_cDamon P Coppola
250 _a3ed.
260 _aNew York :
_bElsevier,
_c2015
300 _a733 P. :
504 _aIncludes.
650 0 _aEmergency management ; Disaster relief.
_922591
942 _2ddc
_cBK
_n0
999 _c112773
_d112773